000 00344nam a2200145Ia 4500
008 200103s9999||||xx |||||||||||||| ||und||
020 _a853090467
040 _aIMU-MPC
082 _aColumn-14
100 _aKemp, J.F. and Young, Peter
245 0 _aNotes on compass Work
260 _bKandy Publications
_c1962
300 _a111
942 _cBK
999 _c5517
_d5517